Municipalities of Toyama - Click Map - Statistics

General Stats
  • This quiz has been taken 9 times
  • The average score is 13 of 15
Answers on the Map
Answers color-coded by a green-red scale on the quiz's map according to % correct below.
 
Answer Stats
Answer % Correct
Funahashi 舟橋村 ふなはしむら
100%
Himi 氷見市 ひみし
100%
Nanto 南砺市 なんとし
100%
Nyuzen 入善町 にゅうぜんまち
100%
Toyama 富山市 とやまし
100%
Imizu 射水市 いみずし
83%
Kamiichi 上市町 かみいちまち
83%
Kurobe 黒部市 くろべし
83%
Namerikawa 滑川市 なめりかわし
83%
Oyabe 小矢部市 おやべし
83%
Takaoka 高岡市 たかおかし
83%
Tonami 砺波市 となみし
83%
Uozu 魚津市 うおづし
83%
Asahi 朝日町 あさひまち
67%
Tateyama 立山町 たてやままち
67%
No matching quizzes found
Score Distribution
Percent of People with Each Score
Percentile by Number Answered
Your Score History
You have not taken this quiz